Only Click Numbers - Sudden Death - Statistics

General Stats
  • This quiz has been taken 646 times
  • The average score is 22 of 30
Answers on the Grid
Answers color-coded by a green-red scale on the quiz's grid according to % correct below.
4
8
9
1
B
2
Z
7
8
2
H
J
2
O
3
8
9
Z
D
J
2
S
W
1
1
I
8
0
5
D
3
B
6
G
Q
0
8
9
L
6
5
8
W
5
2
Y
X
9
E
3
 
Answer Stats
Answer % Correct
4
98%
9
96%
2
91%
8
90%
3
89%
1
88%
9
88%
2
87%
2
87%
7
87%
8
87%
1
83%
2
82%
8
80%
8
80%
5
77%
1
76%
3
76%
6
73%
8
59%
0
58%
9
57%
6
53%
0
52%
5
50%
8
50%
5
47%
2
45%
9
41%
3
40%
No matching quizzes found
Score Distribution
Percent of People with Each Score
Percentile by Number Answered
Your Score History
You have not taken this quiz